000 00811cam a22003013a 4500
001 7303
003 PGUSA
005 20140828083143.0
008 050101s2005||||xxu|||||s|||||000 1 eng d
040 _aPGUSA
_beng
042 _adc
050 4 _aPS
050 4 _aHX
100 1 _aBellamy, Edward,
_d1850-1898
245 1 0 _aEquality
_h[electronic resource] /
_cEdward Bellamy
260 _bProject Gutenberg,
_c2005
500 _aSequel to "Looking Backward."
506 _aPublic domain in the USA.
516 _aElectronic text
653 _aUtopian fiction
653 _aScience fiction
653 _aSocialism -- Fiction
653 _aPolitical fiction
653 _aUtopias -- Fiction
830 0 _aProject Gutenberg
_v7303
856 4 0 _uhttp://www.gutenberg.org/ebooks/7303
942 _cEB
999 _c236623
_d236623